Efectividad escolar y cambio educativo en condiciones de pobreza en Chile

Salvato in:
Dettagli Bibliografici
Autore principale: Raczynski, Dagmar (Autore)
Altri autori: Muñoz Stuardo, Gonzalo (autor)
Natura: Libro
Lingua:spagnolo
Pubblicazione: Santiago Ministerio de Educación 2005
Edizione:1a. ed
Soggetti:
Tags: Aggiungi Tag
Nessun Tag, puoi essere il primo ad aggiungerne!!

MARC

LEADER 00000nam a2200000 a 4500
001 UCK9019
003 CL-VaPUC
005 20220607140541.0
008 060413e20050000CL |||||||||||||||||spa|d
999 |c 316368  |d 316366 
040 |c Pontificia Universidad Católica de Valparaíso 
082 0 4 |a 379.983  |b RAC  |2 21 
100 0 |a Raczynski, Dagmar  |e author  |9 498759 
245 1 0 |a Efectividad escolar y cambio educativo en condiciones de pobreza en Chile 
250 |a 1a. ed 
260 |a Santiago  |b Ministerio de Educación  |c 2005 
300 |a 236 p 
583 |a last modification  |c 20060413 00:00:00  |k Rodrigo Vera 
650 0 |a Reforma educacional   |9 256319 
650 0 |a Política educacional  |9 308011 
650 0 |a Estado y educación   |9 311264 
650 0 |a Evaluación de la educación   |9 237505 
700 1 |a Muñoz Stuardo, Gonzalo  |e autor  |9 870335 
942 |c BK  |2 ddc 
945 |d 20060413 00:00:00  |a jtorresc 
952 |0 0  |1 0  |4 0  |6 379_983000000000000_RAC_2005  |7 0  |8 A  |9 390681  |a BIBEDU  |b BIBEDU  |d 2019-11-22  |i 4221869  |o 379.983 RAC 2005  |p 4221869  |r 2019-11-22  |w 2019-11-22  |y BK  |k EBA